000 00604nam a2200217 a 4500
001 BRCA_3580
005 20190320204336.0
008 050809s1961----au a---###---#000-0#ger-#
041 _ager
044 _aau
050 4 _aNX660
_b.W53 1961
100 1 _aWidder, Erich
_99292
245 1 0 _aGlanz des Ewinge
_bSakrale Kunst in österreich
_cErich Widder.
260 _aLinz, Austria
_bs. e.
_c1961
300 _a59 p.
_bil., 154 láminas (algunas a color)
_c29 cm.
500 _aB248
650 1 4 _aArte y simbolismo cristianos
_94853
650 1 4 _aArte
_zAustria
_99293
902 _aGFM
942 _2lcc
_cB
999 _c3315
_d3315